Does Education Affect Environmental Pollution? An Empirical Analysis of the Environmental Kuznets Curve

Environmentálna Kuznetsova krivka (Environmental Kuznets Curve) a jej vťah medzi zhoršovaním životného prostredia a hospodárskym rozvojom. Empirická analýza hypotézy EKC (Environmental Kuznets Curve) rozšírená o vzdelávanie v 21 krajinách Európskej únie za obdobie rokov 1991-2018.

Saved in:
Bibliographic Details
Main Author: Tunali, Çiğdem Börke
Format: Book Chapter
Language:English
Subjects:
Tags: Add Tag
No Tags, Be the first to tag this record!

MARC

LEADER 00000naa a2200000 4500
001 0282921
005 20220329074333.0
041 0 |a eng 
044 |a CZ 
245 1 0 |a Does Education Affect Environmental Pollution? An Empirical Analysis of the Environmental Kuznets Curve  |c Çiğdem Börke Tunali 
520 |a Environmentálna Kuznetsova krivka (Environmental Kuznets Curve) a jej vťah medzi zhoršovaním životného prostredia a hospodárskym rozvojom. Empirická analýza hypotézy EKC (Environmental Kuznets Curve) rozšírená o vzdelávanie v 21 krajinách Európskej únie za obdobie rokov 1991-2018. 
610 2 0 |a vzdelávanie 
610 2 0 |a znečistenie prostredia životného 
610 2 0 |a rozvoj hospodársky 
610 2 0 |a analýzy 
610 2 0 |a Európska únia 
100 1 |a Tunali, Çiğdem Börke